000
00292nam a2200121Ia 4500
008
190216s9999||||xx |||||||||||||| ||und||
100
_a
Punindra Natha Chouidary
245
0
_a
Hindi-Bharatha Ke Mahan Karmadar
260
_b
Akshara Prakashan
300
_a
36
650
_a
Hindi
942
_c
BK
999
_c
16284
_d
16284